000 00565nam a2200169 a 4500
008 120416s1981 ||||||||||||||||| || u
050 _aHF 5415.2 Boy
100 _aBoyd, Harper W
245 1 0 _aTeacher's manual for use with marketing research
246 _atext and cases
250 _a5th ed.
260 _aHomewood, Ill.
_bIrwin
_c1981
300 _av, 414p.
350 _a0.00
700 _aStasch, Stanley F
995 _D0.00
_FCBU-MAIN LIBRARY (Kitwe)
_H1
_I0.00
_UDAMAGED
_ZMain Library Open Access Collection
999 _c59463
_d59463